عرض عادي
عرض مارك
- Morgan, Betty,
مدخل إسم شخص
001 - رقم الضبط
- حقل الضبط: 18359
003 - معرف رقم الضبط
- حقل الضبط: OSt
005 - تاريخ ووقت أخر عملية
- حقل الضبط: 20121224182300.0
008 - عناصر بيانات ثابتة الطول
- حقل تحكم ثابت الطول: 121224|||a|||||| | ||| d
040 ## - مصدر الفهرسة
- هيئة الفهرسة الأصلية: OSt
- وكالة الكتابة: OSt
100 ## - مدخل -- أسم شخص
- إسم شخص: Morgan, Betty,
- تواريخ مرتبطة بالاسم: 1947-
670 ## - بيانات المصدر موجوده
- الاستشهاد بالمصدر: Work cat.: (OSt)0: Hoff, Lee Ann. 18357, Psychiatric and mental health essentials in primary care /, 2011.
